000 00658nam a2200205Ia 4500
005 20220210155751.0
008 210716s2009 xx 000 0 und d
020 _a9788180546631
040 _cAIMIT LIBRARY
041 _aeng
082 _a658.001
_25
_bMEHP
100 _aMehta, P L.
_919036
245 _aManagerial economics:
_banalysis problems and cases /
_cBy P.L.Mehta
250 _a5th ed.
260 _aNew Delhi :
_bSulthan Chand and Sons ,
_c2009 .
300 _axx,837p. ;
_c24cm.
650 _aAlternative objectives of the firm
_919037
650 _aElasticity of demand and demand estimation
_919038
942 _2ddc
_cBK
_e5th
_k658.001 MEHP
999 _c197612
_d197612